Modern AFPU Officers Quiz - Statistics

General Stats
  • This quiz has been taken 28 times
  • The average score is 15 of 25
Answer Stats
Rank (28/2/25) Primary Division Answer % Correct
Major General SteveyPants444
100%
Brigadier General sebultiment
86%
Second Lieutenant SF morce_cz1
82%
Major AETC 9kilo99
77%
Major SGSOC KIANGAMING124
77%
Major SF ScriptedEthqn
77%
Second Lieutenant SGSOC 9264let
73%
First Lieutenant CCT SxmplyJythyy
73%
Lieutenant Colonel MD catkingxxbasherxx
64%
First Lieutenant SF flame44508
64%
Officer Training School SGSOC SlovakOperator
64%
Brigadier General Tmb707
64%
Second Lieutenant SGSOC Psi_onic
59%
Major SGSOC Weegeetoon52
59%
First Lieutenant CCT drtraybloxfan101231
55%
Second Lieutenant SF killerbob955
55%
Captain SF re09533
55%
Lieutenant Colonel (Retired) CCT Gavloxo
50%
First Lieutenant CCT RyanCrazypants
50%
Founder totoro987123
45%
First Lieutenant ValeyardDoctor_DW
45%
Second Lieutenant/Captain (Retired) MD bob_something21
41%
First Lieutenant SF Testaccount112576
32%
First Lieutenant (Retired) SGSOC Bobansus12
27%
Major (Retired) CCT/SGSOC SageTheta
23%
No matching quizzes found
Score Distribution
Percent of People with Each Score
Percentile by Number Answered
Your Score History
You have not taken this quiz